Deutsch Literaturgeschichte (Record no. 5897)

MARC details
000 -CABECERA
campo de control de longitud fija 00634nam a2200217 a 4500
001 - NÚMERO DE CONTROL
campo de control BRCA_6210
005 - FECHA Y HORA DE LA ÚLTIMA TRANSACCIÓN
campo de control 20190320205354.0
008 - DATOS DE LONGITUD FIJA--INFORMACIÓN GENERAL
campo de control de longitud fija 180711s1890----gw-a######---#000-0#ger-#
041 ## - CÓDIGO DE LENGUA
Código de lengua del texto/banda sonora o título independiente ger
044 ## - CÓDIGO DEL PAÍS DE LA ENTIDAD EDITORA/PRODUCTORA
Código MARC del país gw
050 #4 - SIGNATURA TOPOGRÁFICA DE LA BIBLIOTECA DEL CONGRESO
Número de clasificación PT85
Número de documento/Ítem .K7 1890
100 1# - ENTRADA PRINCIPAL--NOMBRE DE PERSONA
Nombre de persona Koenig, Robert
Fechas asociadas al nombre 1828-1900.
9 (RLIN) 15615
245 10 - MENCIÓN DE TÍTULO
Título Deutsch Literaturgeschichte
Mención de responsabilidad, etc. von Robert Koenig.
260 ## - PUBLICACIÓN, DISTRIBUCIÓN, ETC.
Lugar de publicación, distribución, etc. Bielefeld, Alemania
Nombre del editor, distribuidor, etc. Velhagen & Klasing
Fecha de publicación, distribución, etc. 1890
300 ## - DESCRIPCIÓN FÍSICA
Extensión 2 v.
Otras características físicas il. (algunas a color), retratos
Dimensiones 23 cm.
500 ## - NOTA GENERAL
Nota general Incluye índice de normbres
500 ## - NOTA GENERAL
Nota general K69
650 14 - PUNTO DE ACCESO ADICIONAL DE MATERIA--TÉRMINO DE MATERIA
Término de materia o nombre geográfico como elemento de entrada Literatura Alemana
Término indicativo de función/relación Historia y crítica
9 (RLIN) 6160
902 ## - CATALOGADOR
Iniciales GFM
942 ## - ELEMENTOS DE PUNTO DE ACCESO ADICIONAL (KOHA)
Fuente del sistema de clasificación o colocación Library of Congress Classification
Tipo de ítem Koha Libros
Holdings
Estado de retiro Estado de pérdida Estado dañado No para préstamo Localización permanente Ubicación/localización actual Fecha de adquisición Número de inventario Total de préstamos Signatura topográfica completa Código de barras Fecha visto por última vez Precio válido a partir de Tipo de ítem Koha
El ejemplar forma parte de la colección y puede ser consultado según las políticas vigentes.       Biblioteca del Museo Franz Mayer (Rogerio Casas-Alatriste) Biblioteca del Museo Franz Mayer (Rogerio Casas-Alatriste) 18/07/2011 K69   PT85 .K7 1890 (K69) 6649 22/03/2019 22/03/2019 Libros